[Event "Open Est 2013-2014"]
[Site "Salle Lakanal Aubagne"]
[Date "2014.05.10"]
[Round "9.28"]
[White "Yahia-Amar, Hocine"]
[Black "Pegon, Claude"]
[Result "0-1"]
[WhiteElo "1499"]
[BlackElo "1200"]
[PlyCount "68"]
[EventDate "2014.??.??"]

1. e4 c5 2. Nf3 g6 3. c3 Bg7 4. d4 cxd4 5. cxd4 d6 6. Nc3 Nf6 7. e5 Nfd7 8. Bc4
O-O 9. e6 fxe6 10. Bxe6+ Kh8 11. d5 Na6 12. Be3 Ndc5 13. Qd2 Nxe6 14. dxe6 Nc5
15. Bh6 Nxe6 16. O-O b6 17. Rfd1 Bb7 18. Re1 Rf6 19. Nd5 Bxh6 20. Qxh6 Bxd5 21.
Rad1 Bxf3 22. gxf3 Rxf3 23. Rxe6 Qg8 24. Rxe7 d5 25. Rxd5 Raf8 26. Rdd7 R3f7
27. Rxa7 Qg7 28. Qg5 Kg8 29. b4 Qa1+ 30. Kg2 Rxf2+ 31. Kg3 Qg1+ 32. Kh4 R8f4+
33. Qxf4 Rxf4+ 34. Kh3 Qg4# 0-1

[Event "Open Est 2013-2014"]
[Site "Salle Lakanal Aubagne"]
[Date "2014.05.10"]
[Round "9.29"]
[White "Monteil, Marie-Joseph"]
[Black "Gousseau, Michel"]
[Result "1-0"]
[WhiteElo "1300"]
[BlackElo "1120"]
[PlyCount "83"]
[EventDate "2014.??.??"]

1. e4 d5 2. exd5 Qxd5 3. Nc3 Qd7 4. Nf3 Nc6 5. d4 g6 6. Be3 Bg7 7. Bc4 Qg4 8.
O-O Nf6 9. Nb5 O-O 10. Nxc7 Rb8 11. a4 Ne4 12. c3 Rd8 13. Nb5 Na5 14. Be2 Be6
15. Ne5 Qf5 16. f4 Bd5 17. Bg4 Qf6 18. Nd7 Qh4 19. Nxb8 Rxb8 20. Bf3 Nc4 21.
Qc1 f5 22. Nc7 Bf7 23. b3 Ncd6 24. c4 h6 25. Nd5 Re8 26. Nc3 h5 27. c5 Nc8 28.
Nxe4 Rd8 29. Bf2 Bxd4 30. Bxd4 Rxd4 31. Ng5 Rxf4 32. Nxf7 Kxf7 33. Bd5+ e6 34.
Qxf4 g5 35. Qc7+ Ne7 36. Rxf5+ Ke8 37. Bxe6 Qd4+ 38. Rf2 Qxa1+ 39. Rf1 Qd4+ 40.
Kh1 Qd8 41. Bf7+ Kf8 42. Qxd8+ 1-0

[Event "Open Est 2013-2014"]
[Site "Salle Lakanal Aubagne"]
[Date "2014.05.10"]
[Round "9.30"]
[White "Huette, Iva"]
[Black "Garbe, Georges"]
[Result "0-1"]
[WhiteElo "1020"]
[BlackElo "1280"]
[PlyCount "62"]
[EventDate "2014.??.??"]

1. e4 c5 2. Nf3 Nc6 3. d4 d6 4. Nc3 Nf6 5. e5 Nd7 6. Bc4 e6 7. d5 Ncxe5 8. Nxe5
Nxe5 9. dxe6 Nxc4 10. b3 Ne5 11. exf7+ Nxf7 12. O-O Be7 13. Re1 O-O 14. Nd5 Re8
15. Re2 Ne5 16. Bf4 Bf6 17. Qe1 Be6 18. Bg3 Bxd5 19. Re3 Ng4 20. h3 Nxe3 21.
fxe3 Bxa1 22. Qxa1 Rxe3 23. Qc1 Rxg3 24. Qf4 Rg6 25. c4 Bc6 26. Qf3 Qf6 27.
Qxf6 Rxf6 28. Kh2 Rf2 29. Kg1 Raf8 30. h4 Rxg2+ 31. Kh1 Rf1# 0-1

[Event "Open Est 2013-2014"]
[Site "Salle Lakanal Aubagne"]
[Date "2014.05.10"]
[Round "9.31"]
[White "Turpin, Isabelle"]
[Black "Periale, Francine"]
[Result "1-0"]
[WhiteElo "1280"]
[BlackElo "1050"]
[PlyCount "55"]
[EventDate "2014.??.??"]

1. d4 g6 2. e3 d5 3. c4 e6 4. Nc3 c5 5. Nf3 Nc6 6. a3 b6 7. e4 dxe4 8. Nxe4 Bg7
9. Bf4 cxd4 10. Qa4 Bd7 11. c5 Nf6 12. Nd6+ Kf8 13. Ba6 Na5 14. Bb5 Bxb5 15.
Qxb5 Qd7 16. c6 Nxc6 17. Rc1 Na5 18. Qb4 d3 19. Nxf7+ Kxf7 20. Rc7 Rhd8 21.
Ne5+ Ke8 22. Nxd7 Nxd7 23. Bg5 Bf8 24. Qe4 Ne5 25. Qxe5 d2+ 26. Bxd2 Be7 27.
Qxe6 Rac8 28. Qxe7# 1-0

[Event "Open Est 2013-2014"]
[Site "Salle Lakanal Aubagne"]
[Date "2014.05.10"]
[Round "9.32"]
[White "Catanese, Sauveur"]
[Black "Mineo, Francois"]
[Result "0-1"]
[WhiteElo "1180"]
[BlackElo "1260"]
[PlyCount "58"]
[EventDate "2014.??.??"]

1. d4 d5 2. c4 dxc4 3. e4 e6 4. f4 Nc6 5. Nf3 Nf6 6. Nc3 Bb4 7. Bxc4 Bxc3+ 8.
bxc3 Nxe4 9. Qc2 Nf6 10. O-O O-O 11. g3 b6 12. Re1 Bb7 13. Be2 Ng4 14. h3 Nh6
15. f5 Nxf5 16. Bd3 g6 17. Kf2 Qd6 18. Rg1 Ncxd4 19. cxd4 Nxd4 20. Nxd4 Qxd4+
21. Be3 Qf6+ 22. Ke1 Qxa1+ 23. Kf2 Qf6+ 24. Ke1 Rad8 25. Rf1 Qe5 26. Kd2 Qa5+
27. Kc1 Qa3+ 28. Kd2 Ba6 29. Ke2 Bxd3+ 0-1

[Event "Open Est 2013-2014"]
[Site "Salle Lakanal Aubagne"]
[Date "2014.05.10"]
[Round "9.33"]
[White "Morata, Serge"]
[Black "Galeazzi, Tony"]
[Result "1-0"]
[WhiteElo "1260"]
[BlackElo "1099"]
[PlyCount "47"]
[EventDate "2014.??.??"]

1. d4 d5 2. c4 e6 3. Nc3 Nf6 4. Bg5 h6 5. Bh4 dxc4 6. e3 Nc6 7. Bxc4 g5 8. Bg3
Bd6 9. Bxd6 cxd6 10. Nf3 e5 11. O-O e4 12. Nd2 Bg4 13. Qb3 O-O 14. f3 Na5 15.
Qd1 Rc8 16. b3 d5 17. fxg4 dxc4 18. b4 Nd5 19. Nxd5 Qxd5 20. bxa5 Qxa5 21. Nxe4
c3 22. Qc2 Rc7 23. Nf6+ Kg7 24. Qh7# 1-0

[Event "Open Est 2013-2014"]
[Site "Salle Lakanal Aubagne"]
[Date "2014.05.10"]
[Round "9.34"]
[White "Marroni, Bruno"]
[Black "Yahia Amar, Clement"]
[Result "1-0"]
[WhiteElo "1540"]
[BlackElo "1280"]
[PlyCount "69"]
[EventDate "2014.??.??"]

1. e4 e5 2. Bc4 Nf6 3. d3 Bc5 4. Be3 Bb6 5. Ne2 d6 6. Bxb6 axb6 7. Nd2 Nc6 8.
a3 Be6 9. O-O Qd7 10. Bb5 Bh3 11. f4 Qg4 12. Ng3 exf4 13. Qxg4 Bxg4 14. Rxf4
O-O 15. Bxc6 bxc6 16. Nf5 Bxf5 17. Rxf5 Ra5 18. Raf1 Ng4 19. R1f3 Rxf5 20. exf5
Re8 21. Nf1 Re1 22. h3 Nf6 23. c4 Rb1 24. Rf2 Kf8 25. Re2 Rd1 26. Rd2 Rxd2 27.
Nxd2 d5 28. b4 Ke7 29. Kf2 Kd6 30. Ke3 Ke5 31. g4 d4+ 32. Kf3 h6 33. a4 Nh7 34.
a5 Ng5+ 35. Kg3 1-0

[Event "Open Est 2013-2014"]
[Site "Salle Lakanal Aubagne"]
[Date "2014.05.10"]
[Round "9.35"]
[White "Campion, Nathan"]
[Black "Lognos, Lina"]
[Result "1-0"]
[WhiteElo "1199"]
[BlackElo "1205"]
[PlyCount "73"]
[EventDate "2014.??.??"]

1. d4 Nf6 2. Nf3 g6 3. Bf4 Bg7 4. e3 d6 5. Nbd2 O-O 6. Bc4 Nh5 7. O-O Nxf4 8.
exf4 Bd7 9. Re1 b5 10. Bd3 c5 11. c3 cxd4 12. Nxd4 Na6 13. Nxb5 Rb8 14. Qe2
Bxb5 15. Bxb5 Nc7 16. a4 a6 17. Bd3 Rxb2 18. Rec1 a5 19. f5 Nd5 20. fxg6 fxg6
21. Qe6+ Kh8 22. Qxd5 Rxd2 23. f3 Qb6+ 24. Kh1 Qf2 25. Rg1 h6 26. Qe4 Rf6 27.
Bc4 Rf5 28. Qa8+ Rf8 29. Qe4 Rf5 30. Qe6 Rf8 31. Qxg6 Rxf3 32. Qg4 Rc2 33. Qxf3
Qxg2+ 34. Rxg2 Rxg2 35. Kxg2 Bxc3 36. Qf8+ Kh7 37. Qg8# 1-0

[Event "Open Est 2013-2014"]
[Site "Salle Lakanal Aubagne"]
[Date "2014.05.10"]
[Round "9.36"]
[White "Danthier, Christophe"]
[Black "Gianfranceschi, Gerard"]
[Result "1-0"]
[WhiteElo "1499"]
[BlackElo "1010"]
[PlyCount "46"]
[EventDate "2014.??.??"]

1. d4 f5 2. Nc3 d6 3. e3 e5 4. Bb5+ c6 5. Ba4 Nf6 6. dxe5 b5 7. exf6 Qxf6 8.
Bb3 g5 9. Nd5 cxd5 10. Bxd5 Bb7 11. Bxb7 d5 12. Bxa8 b4 13. Qxd5 f4 14. Qb5+
Nd7 15. Bc6 Kf7 16. exf4 Qe7+ 17. Ne2 gxf4 18. Bxf4 Bg7 19. Bg5 a6 20. Bxe7
Kxe7 21. Qxb4+ Ke8 22. Bxd7+ Kxd7 23. Rd1+ Ke8 1-0

[Event "Open Est 2013-2014"]
[Site "Salle Lakanal Aubagne"]
[Date "2014.05.10"]
[Round "9.37"]
[White "Yahia Amar, Pierre"]
[Black "Graccione, Angele"]
[Result "0-1"]
[WhiteElo "1010"]
[BlackElo "1040"]
[PlyCount "70"]
[EventDate "2014.??.??"]

1. e4 c5 2. d3 Nc6 3. Nc3 e6 4. h4 Be7 5. g3 Nf6 6. h5 h6 7. Bf4 d5 8. Nb5 Qa5+
9. Nc3 e5 10. Bd2 Be6 11. Nxd5 Qd8 12. Nxe7 Qxe7 13. a4 O-O 14. Be3 b6 15. Bh3
Rad8 16. Bxe6 Qxe6 17. Nh3 Ng4 18. Ke2 Nd4+ 19. Ke1 Nxe3 20. fxe3 Nc6 21. c3
Rd7 22. g4 Na5 23. g5 Kh7 24. Rg1 Qxh3 25. g6+ fxg6 26. Qg4 Qxe3+ 27. Qe2 Qxg1+
28. Kd2 Qxa1 29. Qg4 Qxb2+ 30. Ke3 Qc1+ 31. Ke2 Rd6 32. d4 cxd4 33. cxd4 Rxd4
34. hxg6+ Kh8 35. Qe6 Qd2# 0-1

[Event "Open Est 2013-2014"]
[Site "Salle Lakanal Aubagne"]
[Date "2014.05.10"]
[Round "9.38"]
[White "Sid, Alexander"]
[Black "Perez, Laurent"]
[Result "0-1"]
[WhiteElo "1009"]
[BlackElo "1010"]
[PlyCount "40"]
[EventDate "2014.??.??"]

1. e4 e5 2. Nf3 Nc6 3. Nc3 Nf6 4. Bc4 Bc5 5. O-O d6 6. d3 Bg4 7. h3 Bh5 8. Bd2
Nd4 9. Nh2 Bxd1 10. Raxd1 Nh5 11. Be3 O-O 12. Ng4 c6 13. g3 b5 14. Bb3 b4 (
14... a5) 15. Nb1 d5 16. a4 (16. Nxe5 Ne2+ 17. Kh2 Bxe3 18. fxe3) 16... Bd6 17.
h4 Nf3+ 18. Kh1 c5 19. exd5 Qd7 20. Bg5 Qxg4 0-1

[Event "Open Est 2013-2014"]
[Site "Salle Lakanal Aubagne"]
[Date "2014.05.10"]
[Round "9.39"]
[White "Herbulot, Thomas"]
[Black "Yahia Amar, Mathieu"]
[Result "0-1"]
[WhiteElo "1009"]
[BlackElo "1230"]
[PlyCount "50"]
[EventDate "2014.??.??"]

1. e4 e5 2. Nf3 Nc6 3. Bc4 Nf6 4. d3 Bc5 5. c3 d6 6. O-O Bg4 7. h3 Bh5 8. Re1
O-O 9. Qe2 h6 10. Be3 Bxe3 11. Qxe3 Na5 12. Bb5 a6 13. Ba4 b5 14. Bc2 Qb8 15.
Nbd2 c6 16. Nf1 d5 17. exd5 cxd5 18. Ng3 Bg6 19. Qxe5 Qb6 20. a3 Rae8 21. Qf4
Rxe1+ 22. Rxe1 Nd7 23. Re7 Qd8 24. Qe3 Nc6 25. Qc5 Nxc5 0-1